| 000 | 00353nam a2200133 a 4500 | ||
|---|---|---|---|
| 001 | 4908 | ||
| 003 | CDMR | ||
| 005 | 20130116135302.0 | ||
| 008 | 130130s2005||||||||||||||||||||||||||||d | ||
| 040 |
_aCDMR _bcat _cCPC GIRONA |
||
| 245 | 0 |
_aInforme anual de la llibertat de premsa el 2005 _cVaris |
|
| 260 |
_c2005 _bReporteros sin fronteras /Genlt. |
||
| 942 | _cMON | ||
| 999 |
_c4908 _d4908 |
||